000 00645nam a2200229Ia 4500
003 OSt
005 20220928131117.0
006 a|||||r|||| 00| 0
007 ta
008 220927b |||||||| |||| 00| 0 eng d
024 _a24581
037 _cTextual
040 _aSDCL
_cSDCL
_beng
041 _2eng
_aeng
082 _aV1,5'P, P5
100 _aAmerasinghe C F
_9477172
245 0 _aPrinciples of the institutional law of international organizations.
260 _aCambridge
_bCambrigde University
_c2005
300 _axxiii;535p
_ccm.
942 _hV1,5'P, P5
_cTEXL
_2CC
999 _c789642
_d789642